000 01296nac a22003251u 4500
010 _a 2004300598
020 _a9774247949 (pbk.)
035 _a(OCoLC)ocm55004856
082 _a330.956
_bS1281
090 _c2633
_d2633
100 _a20080729
245 0 0 _aMENA trade & investment in the new economy /
_cedited by Raed Safadi.
246 3 0 _aMENA trade and investment in the new economy
246 3 0 _aFourth Mediterranean Development Forum MDF4
250 _aAn Economic Research Forum ed.
260 _aCairo ;
_aNew York :
_bAmerican University in Cairo Press,2003
_c2003.
300 _a295 p. :
_bill. ;
_c23 cm.
504 _aIncludes bibliographical references.
651 0 _aMiddle East
_xCommerce.
651 0 _aAfrica, North
_xCommerce
651 0 _aMiddle East
_xCommercial policy
651 0 _aAfrica, North
_xCommercial policy
651 0 _aMiddle East
_xCommercial treaties
651 0 _aAfrica, North
700 1 _aSafadi, Raed,
_d1958-
710 2 _aMediterranean Development Forum
856 4 1 _3Table of contents
_uhttp://www.loc.gov/catdir/toc/fy046/2004300598.html
942 _cBB
_k330.956 S1281
999 _c2633
_d2633